もすかうの空耳歌詞 - Statistics

General Stats
  • This quiz has been taken 252 times
  • The average score is 16 of 62
Answer Stats
歌詞 % Correct
もすかう
98%
もすかう
98%
もすかう
98%
もすかう
98%
おっさんですか
52%
おっさんですか
52%
帰りなさい
47%
シャアですか
47%
シャアですか
47%
爪を そっとポイ
45%
塩分 手 生えるんすか
43%
夢見る アンディさん
43%
夢見る アンディさん
43%
もすかう もすかう
42%
もすかう もすかう
42%
もすかう もすかう
42%
大事な一寸法師
39%
大事な一寸法師
39%
いんげん 崇拝
35%
出川 散歩 いや変
34%
ゴスペル 許せへん
33%
なくしたりしたら大変よ
33%
なくしたりしたら大変よ
33%
おっさん ボートで へーこらほー
30%
あっはっはっはっは
25%
息子 息子
23%
便所戦争 決戦だ
23%
息子 息子
23%
指先カーリーや
22%
ムスカ ムスカ
22%
ピザ実質 3000円
22%
とにかく あっかんべ
19%
わたしゃ はっ はっ 春です
17%
お酒 へっ へっ 変な事件さ
14%
A4 100円な
14%
おっほっほっほっほ へい!
12%
おっほっほっほっほ へい!
12%
おっほっほっほっほ へい!
12%
メガネ 仕入れ店
11%
つぁーでっはい
10%
あっはっはっはっは へい!
9%
ハイスピーディ ブーン
9%
あっはっはっはっは へい!
9%
すふぃーげるで
7%
変な リプレイさん
7%
A4 テリーマン
7%
魚魚魚魚魚魚魚
6%
もすかー
6%
もすかー
6%
コイツって 完全体
5%
回り STEP! STEP!
5%
えー マジ いいでんねん
4%
アハハハハ
4%
うー ヴィーナス Cool
4%
回り STEP! STEP!
4%
お酒 屁っ 屁っ
3%
お茶棒出て 屁出ちゃう ほー
3%
ラーララララララ ラーララララララ
3%
ラーララララララ ラーララララララ
3%
わたしゃ ハァ ハァ 春です
2%
オホホホホ ヘイ!
2%
おー おー おー
1%
No matching quizzes found
Score Distribution
Percent of People with Each Score
Percentile by Number Answered
Your Score History
You have not taken this quiz